Tilastot visalle Japani-visa

Klikkaa tästä pelataksesi tätä visaa!

Yleistilastot

  • Tätä visaa on pelattu 184 kertaa
  • Keskiarvotulos 13 / 24

Vastaustilastot

VihjeVastaus% Oikein
PääkaupunkiTokio
96%
ValuuttaJeni
81%
Korkein vuoriFuji
79%
Puu, jonka kukkimista juhlitaanSakura
76%
Lempinimi{Nousevan} {auringon}
maa
74%
Nimi japanilaisille sarjakuvilleManga
74%
Perinteinen emäntä ja viihdyttäjäGeisha
67%
Alkoholijuoma, joka on tehty käyneestä riisistäSake
66%
KansallisurheilulajiSumo
63%
Perinteiset uskonnotBuddhalaisuus
62%
PääsaaretHokkaido
61%
Toiseksi suurin kaupunkialueOsaka
58%
Japanilainen puku, jota käytetään
muodollisissa tilaisuuksissa
Kimono
54%
PääsaaretHonshu
52%
Perinteiset uskonnotŠintolaisuus
50%
Entinen pääkaupunki ja temppeleiden kaupunkiKioto
48%
Sotilassääty teollistumista
edeltäneessä Japanissa
Samurai
47%
Japani japaniksiNihon
46%
Suosituin urheilulajiPesäpallo
39%
Koben kaupunki on tunnettu tästä ruoastaPihviliha
29%
PääsaaretShikoku
28%
PääsaaretKyushu
27%
Ylläolevan entinen nimiEdo
24%
Eteläisin prefektuuri, jossa karate kehitettiinOkinawa
22%

Tulosjakauma

Persentiili vastausten määrän mukaan

Jokaisen tuloksen saaneiden osuus

Tuloshistoriasi

Et ole pelannut tätä visaa